| 000 | 00455nam a22001697a 4500 | ||
|---|---|---|---|
| 003 | CEME | ||
| 005 | 20210628201716.0 | ||
| 008 | 210215b xxu||||| |||| 00| 0 eng d | ||
| 040 | _c. | ||
| 082 | _a006.3 CHA | ||
| 100 |
_aMcdermott, Drew Charniak, Eugene _956447 |
||
| 245 | _aIntroduction to aritificial intelligence | ||
| 260 |
_aINDIA _bADDISON WESLEY _c2000 |
||
| 300 | _aXVII,701P | ||
| 650 |
_aARITIFICIAL INTELLIGENCE _956448 |
||
| 942 |
_cBK _2ddc |
||
| 999 |
_c566861 _d566861 |
||